| 000 | 01422cam a2200337Ia 4500 | ||
|---|---|---|---|
| 001 | ocn221272238 | ||
| 005 | 20181123120849.0 | ||
| 008 | 181122s2008 dcuab b i001 0 eng d | ||
| 020 | _z1597820687 | ||
| 020 | _a9781597820684 | ||
| 029 | 1 |
_aDEBBG _bBV035126017 |
|
| 035 |
_a(OCoLC)221272238 _z(OCoLC)779891609 |
||
| 040 |
_aCo-BoUCM _bspa _cSaul Niño _dSaul Niño |
||
| 041 | 0 | _aeng | |
| 043 | _acl----- | ||
| 245 | 0 | 0 |
_aCivil society and social movements _bbuilding sustainable democracies in Latin America _cedited by Arthur Domike |
| 260 |
_aWashington _bInter-American Development Bank _c[2008] |
||
| 300 | _a413 páginas | ||
| 490 | 0 |
_aSpecial publications on development ; _v5 |
|
| 546 | _aTexto en inglés | ||
| 650 | 7 |
_aDemocracia _zAmérica Latina _vEstudio de casos _912617 |
|
| 650 | 7 |
_aMovimientos sociales _zAmérica Latina _vEstudio de casos _919847 |
|
| 650 | 7 |
_aSociedad civil _zAmérica Latina _924718 |
|
| 650 | 0 |
_aOrganizaciones no gubernamentales _zAmérica Latina _932207 |
|
| 650 | 7 |
_aMujeres indígenas _zAmérica Latina _919926 |
|
| 700 | 1 |
_aDomike, Arthur L. _eeditor _994591 |
|
| 710 | 2 |
_aInter-American Development Bank _971529 _eeditor |
|
| 776 | 0 | 8 |
_iOnline version: _tCivil society and social movements. _dWashington, DC : Inter-American Development Bank, [2008] _w(OCoLC)761458223 |
| 942 |
_2DEWEY _a5 _cLIBRO _e1 _h303.484098 _mC582s |
||
| 999 |
_c311120 _d311120 |
||